| 000 | 00404cam a22001097a 4500 | ||
|---|---|---|---|
| 008 | 180718b1964 xxu||||| |||| 00| 0 eng d | ||
| 082 | _aR98096 In8/48/1 | ||
| 245 |
_aReport of the director-general: programme and structure of the ILO _cby International Labour Conference |
||
| 260 |
_aGeneva _bInternational Labour Office _c1964 |
||
| 300 | _axx, 208p | ||
| 700 | _aSwitzerland. International Labour Conference | ||
| 999 |
_c496585 _d496585 |
||